000 00345 a2200109 4500
001 ART_30486
005 20260410162003.0
008 260409a
245 1 0 _aSistema político-económico mundial contemporáneo
100 1 _aArellanes Jiménez, Paulino Ernesto
773 0 _tForo político
_g- Vol. XVII (ago. 1996)
_wREV30389
999 _c31458
_d31458